000 00643nam a2200241Ia 4500
003 OSt
005 20221005120857.0
006 a|||||r|||| 00| 0
007 ta
008 221004b |||||||| |||| 00| 0 eng d
024 _a70622
037 _cTextual
040 _aCRL
_cCRL
_beng
041 _2eng
_aeng
082 _aY1:351:15, K0
100 _aLehner Ernst
_9629768
245 0 _aFolklore and symbolism of flowers, plants and trees
260 _c1960
650 _aSOCIOLOGY
700 _a Lehner Johanna
_9629769
942 _hY1:351:15, K0
_cTEXL
_2cc
999 _c1039392
_d1039392